| 000 | 00666 a2200193 4500 | ||
|---|---|---|---|
| 999 |
_c6639 _d6639 |
||
| 020 | _a9780323315791 | ||
| 050 | _aR 898 ARL 2016 | ||
| 100 |
_aAdler, Arlene _eauthor |
||
| 245 |
_aIntroduction to radiologic and imaging sciences and patient care / _cArlene M. Adler and Richard R. Carlton |
||
| 250 | _a6th ed. | ||
| 264 |
_aSt. Louis, Missouri : _bElsevier, Saunders, _c2016 |
||
| 300 |
_a416p.: _bill.(col.) |
||
| 500 | _aIncludes bibliographical references and index | ||
| 650 | _aMedical radiology | ||
| 650 |
_aRadiography _xmethods |
||
| 650 |
_aPatient care _xmethods |
||
| 700 |
_aCarlton, Richard R. _eauthor |
||
| 942 |
_2lcc _cBK _e6th ed. _h898 _iARL _k2016 |
||